00735pam a2200181 a 4500020001700000020002400017040000800041082002600049245021100075250001200286260004900298300003400347650002700381650002800408700001900436710005500455710004300510 a0080292437 : a0080292429 (soft) : cDLC00a630 PER 1983 A039 Or.10aChemistry and world food supplies :bthe new frontiers, Chemrawn II : invited papers presented at the International Conference on Chemistry and World Food Supplies, Manila, Philippines, 6-10 December 1982 / a1st ed. aOxford ;aNew York :bPergamon Press,c1983. axvi, 664 p. :bill. ;c26 cm. 0aAgricultural chemistry 0aFood industry and trade1 aShemilt, L. W.2 aInternational Union of Pure and Applied Chemistry.2 aInternational Rice Research Institute.